| 000 | 00537nam a22001937a 4500 | ||
|---|---|---|---|
| 003 | MPLRDC | ||
| 005 | 20220104203639.0 | ||
| 008 | 210129b ||||| |||| 00| 0 eng d | ||
| 020 | _a978-957-693-833-7 | ||
| 082 | _a178.8 HJD | ||
| 100 | _a黄锦敦 | ||
| 245 |
_a生命,才是最值得去的地方 _c |
||
| 250 | _a初版一刷 | ||
| 260 |
_a台湾 _b张老师文化事业股份有限公司 _c2014 |
||
| 300 | _b平 | ||
| 520 | _a2018-05-25 钢笔标记--pg.部分页面。 | ||
| 650 | _a心理疗法 | ||
| 942 |
_cNB _o178.8 HJD |
||
| 999 |
_c68223 _d68213 |
||